000 00406nam a2200157 a 4500
001 9459
005 20180713193443.0
008 140415s1992 sp 000 0 spa d
041 _aspa
082 _a036
_bDIC
245 0 0 _aDICCIONARIO ENCICLOPEDICO ESPASA 1
250 _a7a ed.
260 _aESPAÑA :
_bESPASA CALPE,
_c1992
300 _a1789
650 1 4 _aENCICLOPEDIAS Y DICCIONARIOS
999 _c9459
_d9459